000 01000nam0a22002291 4500
001 rc\2966367
005 20260407090743.0
035 _a(NLR Aleph) 007112780
090 _a6785099
_c6785099
100 _a20110905d1933 |||y0rusy50 ca
101 0 _arus
102 _aRU
105 _ay z |||||
200 1 _aЧетвертая тема контрольной работы по политической экономии для 1-го набора Института
_e"Империализм, всеобщий и современный кризис капитализма"
_f... НКФ СССР и ОРУ
210 _aМосква
_cГосфиниздат СССР
_d1933
_gтип. "Крест. газ."
215 _a4 с.
_d22×15 см
710 0 2 _aВсесоюзный заочный финансово-экономический институт
_3RU\NLR\AUTH\8815004
_9303295
801 0 _aRU
_bNLR
_gpsbo
801 1 _aRU
_bELAR
_2rusmarc
852 _aNLR
_j33-17/257(4)
942 _cBOOK
980 _aNB